Normal view
MARC view
Entry Personal Name
001 - CONTROL NUMBER
- control field: 72327
003 - CONTROL NUMBER IDENTIFIER
- control field: OSt
005 - DATE AND TIME OF LATEST TRANSACTION
- control field: 20180426120036.0
008 - FIXED-LENGTH DATA ELEMENTS
- fixed length control field: 180426|| aca||aabn | a|a d
040 ## - CATALOGING SOURCE
- Original cataloging agency: OSt
- Transcribing agency: OSt
100 ## - HEADING--PERSONAL NAME
- Personal name: Ravi P Agrahari
670 ## - SOURCE DATA FOUND
- Source citation: Work cat.: (OSt): Ravi P Agrahari, Secience and Technology For Civil Services Examination, 2017









